|
|
|
|
| LEADER |
00881cam a2200229 7i4500 |
| 001 |
0000002944 |
| 005 |
20230612090000.0 |
| 020 |
|
|
|a 9780123617767
|
| 020 |
|
|
|a 0123617766 (pbk.)
|
| 090 |
0 |
0 |
|a QP552.M44
|b M46 2002
|
| 245 |
0 |
0 |
|a Membrane protein purification and crystallization :
|b a practical guide
|c edited by Carola Hunte and Gebhard von Jagow and Hermann Schagger.
|
| 250 |
|
|
|a 2nd ed.
|
| 260 |
|
|
|a Amsterdam:
|b Academic Press,
|c 2003.
|
| 300 |
|
|
|a xviii, 316 p.:
|b col. ill.c24 cm.
|
| 504 |
|
|
|a Includes bibliographical references and index
|
| 650 |
0 |
0 |
|a Membrane proteins --
|x Purification
|
| 700 |
1 |
|
|a Hunte, Carola.
|
| 700 |
1 |
|
|a Jagow, Gebhard von
|
| 700 |
1 |
|
|a Schagger, Hermann
|
| 997 |
|
|
|a Engineering & Life Sciences, Faculty
|b Science & Biotechnology, Department
|
| 998 |
|
|
|a Biotechnology, Degree
|
| 999 |
|
|
|a 0000006267
|b BOK
|c OPEN SHELF
|e 2nd Floor, Bestari Jaya
|